[Event "Tournoi Skype 029A"]
[Site "Skype"]
[Date "????.??.??"]
[Round "4.35"]
[White "Vilas Boas, Crisolon Terto"]
[Black "Grib, Johannes"]
[Result "1/2-1/2"]
[WhiteElo "1488"]
[BlackElo "1259"]
[PlyCount "71"]

1. e4 d6 2. d4 c6 3. f4 Nd7 4. b4 e5 5. f5 Qh4+ 6. Kd2 Ngf6 7. Bd3 exd4 8. Qf3
Ne5 9. Qg3 Nxe4+ 10. Bxe4 Qxe4 11. Nf3 Qe3+ 12. Kd1 Qd3+ 13. cxd3 Bxf5 14. Nxd4
Bxd3 15. Re1 O-O-O 16. Rxe5 dxe5 17. Qxd3 Rxd4 18. Qxd4 exd4 19. a3 Bd6 20. g3
b6 21. Bf4 Kd7 22. Nd2 Re8 23. Nc4 Bxf4 24. gxf4 f6 25. Kd2 Re4 26. Rf1 Ke6 27.
Rf3 Kd5 28. Kd3 Re1 29. Rg3 Rc1 30. Rxg7 Rc3+ 31. Kd2 Kxc4 32. Rxa7 h5 33. Rf7
Rf3 34. Rxf6 Rf2+ 35. Kc1 Kb3 36. Rxc6 1/2-1/2

[Event "Tournoi Skype 029A"]
[Site "Skype"]
[Date "????.??.??"]
[Round "4.36"]
[White "Davis, Michael"]
[Black "Casey, Eamonn"]
[Result "0-1"]
[WhiteElo "1405"]
[BlackElo "1538"]
[PlyCount "62"]

1. d4 Nf6 2. c4 e6 3. Nc3 d5 4. Nf3 Nbd7 5. Bf4 Bb4 6. e3 Ne4 7. Qb3 Ba5 8.
cxd5 Nxc3 9. bxc3 exd5 10. Bd3 Nf6 11. O-O O-O 12. Qc2 h6 13. Rab1 c6 14. Ne5
Bc7 15. h3 Qe7 16. c4 dxc4 17. Bxc4 Bxe5 18. Bxe5 b6 19. Bf4 Bb7 20. Be5 Rac8
21. Qd3 Rfd8 22. f4 c5 23. Rbc1 Be4 24. Qb3 Nd5 25. Bxd5 Bxd5 26. Qb2 f6 27. e4
Bxe4 28. Rfe1 Bd5 29. Bb8 Qb7 30. Bxa7 Qxa7 31. dxc5 bxc5 0-1

[Event "Tournoi Skype 029A"]
[Site "Skype"]
[Date "????.??.??"]
[Round "4.37"]
[White "Aranzubia, Desiderio"]
[Black "Gadow, Martin"]
[Result "0-1"]
[WhiteElo "1524"]
[BlackElo "1412"]
[PlyCount "28"]

1. d4 Nf6 2. c4 e6 3. Nc3 d5 4. Nf3 Be7 5. cxd5 exd5 6. h3 O-O 7. Bf4 c6 8. e3
Nbd7 9. Be2 Re8 10. O-O c5 11. dxc5 Nxc5 12. a3 Ne6 13. Bh2 Bd6 14. Nxd5 Bxh2+
0-1

[Event "Tournoi Skype 029A"]
[Site "Skype"]
[Date "????.??.??"]
[Round "4.38"]
[White "Mitrani, Alberto"]
[Black "Ramirez Reina, Orlando"]
[Result "1/2-1/2"]
[WhiteElo "1482"]
[BlackElo "1385"]
[PlyCount "61"]

1. Nf3 Nf6 2. c4 e6 3. Nc3 d5 4. g3 c6 5. Bg2 g6 6. cxd5 exd5 7. O-O Bg7 8. d4
Nbd7 9. Bf4 O-O 10. Qd2 Re8 11. Bh6 Ne4 12. Qf4 Ndf6 13. Bxg7 Kxg7 14. Ng5 Nxg5
15. Qxg5 Ne4 16. Qxd8 Rxd8 17. Nxe4 dxe4 18. Bxe4 Rxd4 19. Bf3 Rd2 20. b3 Be6
21. Rfc1 Rad8 22. Rc3 h5 23. a3 Rd1+ 24. Rxd1 Rxd1+ 25. Kg2 Ra1 26. b4 Rd1 27.
e4 Rb1 28. Rd3 Rb3 29. Rxb3 Bxb3 30. e5 f6 31. exf6+ 1/2-1/2

[Event "Tournoi Skype 029A"]
[Site "Skype"]
[Date "????.??.??"]
[Round "4.41"]
[White "Carballo, Jorge"]
[Black "Galani, Mahendra"]
[Result "0-1"]
[WhiteElo "1367"]
[BlackElo "1466"]
[PlyCount "70"]

1. e4 e5 2. Nf3 d6 3. Bc4 h6 4. O-O Nf6 5. Re1 Bg4 6. c3 Be7 7. d4 exd4 8. cxd4
O-O 9. Nc3 c6 10. h3 Bh5 11. Bf4 Ne8 12. Qb3 b5 13. Be2 a6 14. e5 dxe5 15. dxe5
Nd7 16. e6 Nc5 17. exf7+ Bxf7 18. Qd1 Qa5 19. a3 b4 20. axb4 Qxb4 21. Bc1 Bf6
22. Qd2 Rd8 23. Nd5 Qxd2 24. Nxf6+ Nxf6 25. Nxd2 Nd5 26. Bc4 Nb4 27. Bxf7+ Rxf7
28. Ra5 Ncd3 29. Re3 Nxc1 30. Nf3 Rd1+ 31. Kh2 Nbd3 32. Ra1 Nxf2 33. Kg3 Rf1
34. Ne5 Rf5 35. Ng6 Rg5+ 0-1

[Event "Tournoi Skype 029A"]
[Site "Skype"]
[Date "????.??.??"]
[Round "4.42"]
[White "Vello, Pablo"]
[Black "Aceituno, Stebe"]
[Result "1/2-1/2"]
[WhiteElo "1135"]
[BlackElo "1400"]
[PlyCount "36"]

1. d4 Nf6 2. Nc3 d5 3. Bf4 c6 4. e3 Bf5 5. f3 Bg6 6. g4 h6 7. h4 e6 8. Qd2 c5
9. Nb5 Na6 10. O-O-O c4 11. Qh2 Be7 12. Nd6+ Bxd6 13. Bxd6 Rc8 14. Ne2 Rc6 15.
Bf4 Nc7 16. Nc3 a6 17. Be2 b5 18. Rdg1 b4 1/2-1/2

[Event "Tournoi Skype 029A"]
[Site "Skype"]
[Date "????.??.??"]
[Round "5.1"]
[White "Septien, Valeriano"]
[Black "Deville, Olivier"]
[Result "1-0"]
[WhiteElo "1749"]
[BlackElo "1807"]
[PlyCount "35"]

1. f4 d5 2. Nf3 g6 3. g3 Bg7 4. Bg2 Nf6 5. O-O O-O 6. d3 c5 7. Qe1 d4 8. e4
dxe3 9. Bxe3 Nd5 10. c3 Nxe3 11. Qxe3 Qc7 12. Nbd2 b6 13. Rae1 Re8 14. Ne5 Bb7
15. Nxf7 Bxg2 16. Qe6 Bxc3 17. Ng5+ Kh8 18. Qf7 1-0

[Event "Tournoi Skype 029A"]
[Site "Skype"]
[Date "????.??.??"]
[Round "5.2"]
[White "Grosso, Raul"]
[Black "Elias, Roberto"]
[Result "1-0"]
[WhiteElo "1746"]
[BlackElo "1782"]
[PlyCount "31"]

1. d4 Nf6 2. Bf4 e6 3. Nc3 c5 4. e3 Nc6 5. Nf3 cxd4 6. exd4 Bb4 7. Bd3 Nd5 8.
Bd2 Nxc3 9. bxc3 Ba5 10. O-O O-O 11. Ng5 h6 12. Nh7 Re8 13. Qh5 Nxd4 14. Bxh6
Nf5 15. Bg5 Qc7 16. Nf6+ 1-0

[Event "Tournoi Skype 029A"]
[Site "Skype"]
[Date "????.??.??"]
[Round "5.3"]
[White "Mesa Garcia, Angel"]
[Black "Mayor Martinez, Juan Jose"]
[Result "1/2-1/2"]
[WhiteElo "1638"]
[BlackElo "1749"]
[PlyCount "113"]

1. d4 d5 2. Bf4 c6 3. e3 Bf5 4. Bd3 Qc8 5. Nf3 Nf6 6. Ne5 Bxd3 7. Nxd3 Nbd7 8.
Nd2 e6 9. O-O Be7 10. Ne5 Nxe5 11. Bxe5 O-O 12. c4 Qd8 13. c5 Nd7 14. Bg3 Bf6
15. Nf3 Re8 16. Qb3 Qc8 17. Qc3 b6 18. b4 b5 19. Rfe1 Bd8 20. a3 Nf6 21. Qd3
Ne4 22. Bf4 g5 23. Bg3 h5 24. h3 Bc7 25. Bxc7 Qxc7 26. Nh2 Kg7 27. f3 Ng3 28.
Nf1 f5 29. Nxg3 Qxg3 30. Qe2 Kg6 31. Qf2 Qc7 32. g3 Rh8 33. f4 h4 34. Kg2 Rh7
35. Rh1 Rah8 36. Rag1 hxg3 37. Qxg3 Rh5 38. Rh2 a5 39. Rgh1 axb4 40. axb4 Qa7
41. Kf3 Qa3 42. fxg5 Qd3 43. Qe5 Qe4+ 44. Qxe4 fxe4+ 45. Kf2 Rxg5 46. Ra1 e5
47. dxe5 Rxe5 48. Ra6 Re6 49. Rg2+ Kh5 50. Ra7 Rf8+ 51. Ke2 Rh6 52. Rag7 Rf5
53. R2g3 Re5 54. Rg8 Rf5 55. R8g7 Rhf6 56. Rh7+ Rh6 57. Rhg7 1/2-1/2

[Event "Tournoi Skype 029A"]
[Site "Skype"]
[Date "????.??.??"]
[Round "5.4"]
[White "Lambert, Pierre"]
[Black "Blasco, Raul"]
[Result "0-1"]
[WhiteElo "1647"]
[BlackElo "1978"]
[PlyCount "98"]

1. e4 c6 2. d4 d5 3. Nc3 dxe4 4. Nxe4 Nd7 5. Nf3 Ngf6 6. Ng3 e6 7. Bd3 Be7 8.
O-O O-O 9. Qe2 c5 10. c3 b6 11. Re1 cxd4 12. Nxd4 Bb7 13. Bf4 Nd5 14. Bd2 N7f6
15. Rad1 a6 16. Ne4 Qc7 17. Ng5 Bd6 18. h3 Bf4 19. Bxf4 Nxf4 20. Qc2 Bxg2 21.
Bxh7+ Kh8 22. Re3 Qb7 23. f3 Nxh3+ 24. Kxg2 Nxg5 25. Be4 Ngxe4 26. Rh1+ Kg8 27.
fxe4 g6 28. Nf3 Kg7 29. e5 Nd7 30. Kf2 Rh8 31. Ree1 Rxh1 32. Rxh1 Nxe5 33. Rh3
Nxf3 34. Rxf3 Rh8 35. Qd3 Rh5 36. Qd4+ Kg8 37. Qd8+ Kh7 38. Qd4 b5 39. Qd6 Qa7+
40. Kg2 Rg5+ 41. Kh3 Rf5 42. Rxf5 exf5 43. Qe5 Qf2 44. Qc7 Qe3+ 45. Kg2 Qe6 46.
Qh2+ Kg7 47. Qf4 Qe4+ 48. Qxe4 fxe4 49. Kg3 f5 0-1

[Event "Tournoi Skype 029A"]
[Site "Skype"]
[Date "????.??.??"]
[Round "5.6"]
[White "Calcino, Luis"]
[Black "Rico Hernandez, Edgar"]
[Result "0-1"]
[WhiteElo "1687"]
[BlackElo "1772"]
[PlyCount "104"]

1. e4 c6 2. d4 d5 3. e5 Bf5 4. h4 a6 5. g4 Bd7 6. Bd3 e6 7. Ne2 c5 8. c3 Nc6 9.
Nd2 Qb6 10. Nf3 cxd4 11. cxd4 Nb4 12. Bb1 Rc8 13. Nc3 Nc6 14. a3 Be7 15. g5 Na5
16. Bc2 Qc7 17. Kf1 Nc4 18. Bd3 Bf8 19. Ne2 Ne7 20. Ng3 g6 21. b3 Na5 22. Bb2
Qb6 23. Bc2 Nf5 24. Nxf5 gxf5 25. Kg2 Be7 26. Nd2 Rg8 27. Rc1 Nc6 28. Qh5 Rh8
29. Nf3 Na7 30. Qh6 Bf8 31. Qf6 Rg8 32. Bxf5 Bg7 33. Bxh7 Bxf6 34. Bxg8 Be7 35.
h5 Kf8 36. Rxc8+ Nxc8 37. Bxf7 Kxf7 38. g6+ Kg8 39. h6 Bf8 40. h7+ Kh8 41. Bc1
Be8 42. Bh6 Bxh6 43. Rxh6 Bxg6 44. Rxg6 Kxh7 45. Rxe6 Qxb3 46. Re8 Qc2 47. Rd8
Nb6 48. e6 Qc7 49. Rf8 Qg7+ 50. Ng5+ Qxg5+ 51. Kf3 Qh5+ 52. Kg2 Qg6+ 0-1

[Event "Tournoi Skype 029A"]
[Site "Skype"]
[Date "????.??.??"]
[Round "5.7"]
[White "Rapaire, Jean-Michel"]
[Black "Teles, Jeferson Lisboa"]
[Result "1-0"]
[WhiteElo "1739"]
[BlackElo "1599"]
[PlyCount "105"]

1. e4 e6 2. d4 d5 3. exd5 Qxd5 4. c3 Nf6 5. Nf3 c5 6. Be2 Be7 7. O-O O-O 8. h3
b6 9. Ne5 Bb7 10. Bf3 Ne4 11. Re1 f5 12. Be3 Nd7 13. Nxd7 Qxd7 14. dxc5 Qxd1
15. Rxd1 Nxc5 16. Bxc5 Bxf3 17. Bxe7 Bxd1 18. Bxf8 Kxf8 19. Nd2 Bh5 20. Re1 Kf7
21. Nb3 Rd8 22. Nd4 Re8 23. f3 a6 24. Kf2 Kf6 25. g4 fxg4 26. hxg4 Bf7 27. a3
e5 28. Nc6 Bd5 29. Nb4 Bb7 30. Rd1 a5 31. Nd5+ Bxd5 32. Rxd5 Re6 33. Ke3 g5 34.
Ke4 h6 35. a4 Re7 36. Rb5 Re6 37. Kd5 Ke7 38. b4 axb4 39. cxb4 Rd6+ 40. Kxe5
Re6+ 41. Kd4 Rd6+ 42. Rd5 Ke6 43. Rxd6+ Kxd6 44. a5 bxa5 45. bxa5 Kc6 46. a6
Kb6 47. a7 Kxa7 48. Ke5 Kb6 49. Kf6 Kc5 50. Kg6 Kd4 51. Kxh6 Ke3 52. Kxg5 Kxf3
53. Kf5 1-0

[Event "Tournoi Skype 029A"]
[Site "Skype"]
[Date "????.??.??"]
[Round "5.8"]
[White "Gungor, Gokhan"]
[Black "Lopez, Jose Luis"]
[Result "1-0"]
[WhiteElo "1579"]
[BlackElo "1730"]
[PlyCount "57"]

1. e4 c5 2. Nf3 Nc6 3. c4 e6 4. Nc3 Nf6 5. d4 cxd4 6. Nxd4 d5 7. cxd5 exd5 8.
Bb5 Bd7 9. exd5 Bb4 10. dxc6 bxc6 11. Nxc6 Bxc3+ 12. bxc3 Qc7 13. Qe2+ Be6 14.
Ne5+ Kf8 15. O-O Nd5 16. Ba3+ Kg8 17. Rac1 h6 18. Rfd1 Nxc3 19. Qf3 Qxe5 20.
Qxa8+ Kh7 21. Bd3+ Bf5 22. Qf3 Nxd1 23. Bxf5+ g6 24. Bxg6+ Kxg6 25. Rxd1 Rd8
26. Qc6+ Kg7 27. Qc2 a5 28. h3 Rxd1+ 29. Qxd1 1-0

[Event "Tournoi Skype 029A"]
[Site "Skype"]
[Date "????.??.??"]
[Round "5.9"]
[White "Cayllahua, Braulio Idme"]
[Black "Quintero Gemio, Antonio Joaquin"]
[Result "0-1"]
[WhiteElo "1569"]
[BlackElo "1705"]
[PlyCount "63"]

1. e4 e5 2. Nf3 Nf6 3. d3 Bc5 4. h3 d6 5. b3 Nc6 6. Bb2 h6 7. Nbd2 Be6 8. Be2
Qd7 9. Nf1 Bb4+ 10. c3 Ba5 11. Ng3 Ne7 12. a4 Ng6 13. b4 Bb6 14. a5 Bxf2+ 15.
Kxf2 Nf4 16. Bc1 Qe7 17. Bf1 N6h5 18. Nxh5 Nxh5 19. g3 Nf6 20. Be3 g5 21. g4
Bd7 22. Qd2 d5 23. exd5 Nxd5 24. Re1 O-O-O 25. Bc5 Qf6 26. Rxe5 Qc6 27. Bd4 f6
28. Re3 Nxe3 29. Bxe3 f5 30. Rg1 Rhf8 31. Bc5 fxg4 32. Bxf8 0-1

[Event "Tournoi Skype 029A"]
[Site "Skype"]
[Date "????.??.??"]
[Round "5.10"]
[White "Montalvo, Mario"]
[Black "Yeter, Orhan"]
[Result "1-0"]
[WhiteElo "1800"]
[BlackElo "1245"]
[PlyCount "65"]

1. Nf3 b5 2. e3 a6 3. a4 b4 4. d4 Bb7 5. c4 bxc3 6. bxc3 e6 7. Qb3 Qc8 8. Nbd2
Nf6 9. Bd3 d5 10. Rb1 Ra7 11. O-O c5 12. Qb6 Nc6 13. Ne5 Nd7 14. Nxd7 Qxd7 15.
Nf3 Bd6 16. dxc5 Bc7 17. Qb3 O-O 18. Qc2 g6 19. e4 dxe4 20. Bxe4 Rb8 21. Bg5
Ne7 22. Rfd1 Qe8 23. Bxb7 Raxb7 24. Rxb7 Rxb7 25. Qe4 Rb2 26. Qc4 Nd5 27. Qd4
Qf8 28. c4 Rb4 29. Ra1 Ne7 30. Qd7 Bb8 31. Bxe7 Qh6 32. Qd8+ Kg7 33. Bf6# 1-0

[Event "Tournoi Skype 029A"]
[Site "Skype"]
[Date "????.??.??"]
[Round "5.12"]
[White "Sanchez Ruiz, Piedad Esmeralda"]
[Black "Altinok, Selim"]
[Result "1/2-1/2"]
[WhiteElo "1706"]
[BlackElo "1536"]
[PlyCount "43"]

1. e4 c6 2. d4 d5 3. exd5 cxd5 4. Bd3 Nc6 5. c3 Nf6 6. Nf3 Bg4 7. Nbd2 e6 8.
O-O Be7 9. Qb3 Qc7 10. Re1 O-O 11. Ne5 Nxe5 12. dxe5 Nd7 13. f4 f5 14. Nf1 Nc5
15. Qc2 Nxd3 16. Qxd3 Rfc8 17. Ng3 Bh4 18. Bd2 Qc4 19. Qe3 Rc6 20. h3 Bxg3 21.
Qxg3 Bh5 22. Qe3 1/2-1/2

[Event "Tournoi Skype 029A"]
[Site "Skype"]
[Date "????.??.??"]
[Round "5.13"]
[White "Garcia Andrinal, Antonio"]
[Black "Saponara, Jose Maria"]
[Result "1/2-1/2"]
[WhiteElo "1679"]
[BlackElo "1524"]
[PlyCount "73"]

1. e4 c5 2. Nf3 e6 3. d4 cxd4 4. Nxd4 a6 5. Nc3 Qc7 6. g3 b5 7. Bg2 Bb7 8. a3
Nf6 9. O-O Be7 10. Re1 O-O 11. e5 Ne8 12. Ne4 d6 13. exd6 Nxd6 14. Bf4 Rd8 15.
c3 Nc6 16. Nxc6 Bxc6 17. Qe2 Qb7 18. Bxd6 Bxd6 19. Rad1 Be7 20. Qf3 Rac8 21.
Qe3 Rxd1 22. Rxd1 Qc7 23. h4 Bd5 24. Ng5 h6 25. Nf3 Bf6 26. Nd4 Bxg2 27. Kxg2
Rd8 28. Re1 Qd6 29. Nf3 Qd5 30. Re2 Qd3 31. Qxd3 Rxd3 32. Rd2 Rxd2 33. Nxd2 Kf8
34. Ne4 Be7 35. Kf3 f5 36. Nd2 Bd6 37. Nb3 1/2-1/2

[Event "Tournoi Skype 029A"]
[Site "Skype"]
[Date "????.??.??"]
[Round "5.14"]
[White "Lucena Vaz, Jose"]
[Black "Ram, Madhukesh"]
[Result "0-1"]
[WhiteElo "1674"]
[BlackElo "1243"]
[PlyCount "130"]

1. c4 Nf6 2. g3 g6 3. Bg2 Bg7 4. Nc3 O-O 5. Nf3 Nc6 6. O-O d6 7. d4 e5 8. e4
Ne8 9. dxe5 dxe5 10. Qxd8 Nxd8 11. Nd5 Nc6 12. Be3 f5 13. Bc5 Rf7 14. Ng5 Rd7
15. exf5 gxf5 16. Bh3 h6 17. Ne6 Rf7 18. Nxg7 Rxg7 19. Rad1 f4 20. Bxc8 Rxc8
21. Rfe1 Nd6 22. Nf6+ Kf7 23. Bxd6 Kxf6 24. Bc5 b6 25. Ba3 Nd4 26. Kg2 c5 27.
b3 Re8 28. Re4 f3+ 29. Kf1 Kf5 30. Rh4 Re6 31. Bc1 Rgg6 32. Rh5+ Ke4 33. Rh4+
Kf5 34. Ke1 e4 35. Rh5+ Kg4 36. Rh4+ Kf5 37. h3 e3 38. Bxe3 Nc2+ 39. Kd2 Nxe3
40. fxe3 Rxg3 41. Rf4+ Kg6 42. Rg4+ Rxg4 43. hxg4 Rd6+ 44. Kc2 Rxd1 45. Kxd1
Kg5 46. Ke1 Kxg4 47. Kf2 h5 48. e4 Kf4 49. e5 Kxe5 50. Kxf3 Kd4 51. Kf4 Kc3 52.
Kg5 Kb2 53. Kxh5 Kxa2 54. Kg5 Kxb3 55. Kf4 Kxc4 56. Ke3 a5 57. Kd2 Kb3 58. Kc1
c4 59. Kb1 c3 60. Ka1 a4 61. Kb1 a3 62. Ka1 Kc4 63. Kb1 Kd3 64. Kc1 a2 65. Kd1
a1=Q# 0-1

[Event "Tournoi Skype 029A"]
[Site "Skype"]
[Date "????.??.??"]
[Round "5.16"]
[White "Engstrom, Olle"]
[Black "Alvarez, Juan Evangelista"]
[Result "1-0"]
[WhiteElo "1448"]
[BlackElo "1575"]
[PlyCount "129"]

1. e4 Nf6 2. e5 Nd5 3. d4 d6 4. c4 Nb6 5. exd6 exd6 6. Nf3 Bf5 7. Nc3 N8d7 8.
Be2 Be7 9. O-O Nf6 10. Bg5 O-O 11. Rc1 Ne4 12. Bxe7 Qxe7 13. Re1 Nxc3 14. Rxc3
Rfe8 15. Bf1 Qd7 16. Rce3 Rxe3 17. Rxe3 Bg4 18. b3 Re8 19. Rxe8+ Qxe8 20. Qe2
Qxe2 21. Bxe2 Bxf3 22. Bxf3 c6 23. Kf1 f5 24. Ke2 g5 25. g3 Kg7 26. Kd3 Kf6 27.
c5 dxc5 28. dxc5 Nd7 29. Kd4 Ne5 30. Bg2 Ng4 31. b4 Nxf2 32. b5 cxb5 33. Bxb7
Ng4 34. Kd5 Ke7 35. c6 Ne3+ 36. Kc5 Kd8 37. Kd6 Nc4+ 38. Kc5 Nb6 39. Ba6 Kc7
40. Bxb5 Nc8 41. Bd3 Nd6 42. Kd5 a5 43. Ke5 f4 44. gxf4 gxf4 45. Kxf4 Kxc6 46.
Bxh7 Kd7 47. Ke5 Ke7 48. Bg8 Ne8 49. Kd4 Nf6 50. Bb3 Ng4 51. h4 Kf6 52. Kc5 Ne5
53. Bd5 Kg6 54. Kb5 Kh5 55. Kxa5 Kxh4 56. Ka6 Kg5 57. Kb7 Kf6 58. a4 Nd3 59. a5
Ke5 60. Bc4 Nc5+ 61. Kc6 Kd4 62. Bb5 Ne6 63. a6 Nd8+ 64. Kb6 Ne6 65. a7 1-0

[Event "Tournoi Skype 029A"]
[Site "Skype"]
[Date "????.??.??"]
[Round "5.17"]
[White "Gharbi, Said"]
[Black "Silvestre Da Silva, Sidnei"]
[Result "0-1"]
[WhiteElo "1335"]
[BlackElo "1566"]
[PlyCount "79"]

1. e4 e5 2. Nf3 d6 3. Bc4 Be7 4. d3 Nc6 5. Ng5 Bxg5 6. Qh5 g6 7. Qxg5 Bd7 8.
Nc3 Nd4 9. Bb3 a6 10. a4 Nxb3 11. cxb3 c5 12. Nd5 Be6 13. Qxd8+ Rxd8 14. Bg5
Rc8 15. Nf6+ Nxf6 16. Bxf6 Rg8 17. Ra3 Kd7 18. O-O Rc6 19. a5 b5 20. axb6 Rxb6
21. Rfa1 Ra8 22. f4 exf4 23. Bg5 Bxb3 24. Bxf4 d5 25. exd5 Bxd5 26. Be3 Rxb2
27. Bxc5 Rxg2+ 28. Kf1 Rxh2 29. Re1 Rh1+ 30. Bg1 h5 31. Ra5 Bc6 32. d4 Bb5+ 33.
Kf2 Re8 34. Rxe8 Kxe8 35. Ra3 Rh4 36. Kg3 Rg4+ 37. Kh2 f5 38. Re3+ Re4 39. Rc3
Kd7 40. Rc5 0-1

[Event "Tournoi Skype 029A"]
[Site "Skype"]
[Date "????.??.??"]
[Round "5.18"]
[White "Legueltel, Daniel"]
[Black "Navghane, Rahul"]
[Result "1-0"]
[WhiteElo "1753"]
[BlackElo "1026"]
[PlyCount "52"]

1. d4 b6 2. Bf4 Bb7 3. e3 d6 4. Nf3 Bxf3 5. Qxf3 Nd7 6. c4 e5 7. dxe5 dxe5 8.
Bg3 Ngf6 9. Nc3 Bb4 10. Be2 O-O 11. O-O Bxc3 12. bxc3 Re8 13. Rfd1 Qe7 14. Qc6
Rac8 15. Bh4 Qe6 16. Qxe6 fxe6 17. f3 h6 18. e4 Kf7 19. Rd2 Rcd8 20. Rad1 Re7
21. Bg3 Rde8 22. c5 Nxc5 23. Bxe5 Na4 24. Bb5 Nxc3 25. Bxe8+ Nxe8 26. Bxc3 Nd6
1-0

[Event "Tournoi Skype 029A"]
[Site "Skype"]
[Date "????.??.??"]
[Round "5.19"]
[White "Mishra, Sourabh"]
[Black "Perrone, Gabriel Lorenzo"]
[Result "0-1"]
[WhiteElo "1564"]
[BlackElo "1377"]
[PlyCount "76"]

1. d4 d5 2. Nf3 Nf6 3. e3 Bf5 4. c4 e6 5. Nc3 c5 6. Bd3 Bxd3 7. Qxd3 cxd4 8.
Nxd4 Nc6 9. O-O Ne5 10. Qe2 Nxc4 11. b3 Ne5 12. Bb2 Nc6 13. Rac1 Nxd4 14. exd4
Be7 15. Nb5 O-O 16. Rc2 a6 17. Nc3 Rc8 18. Rfc1 Qa5 19. f4 Ba3 20. Bxa3 Qxa3
21. g4 Qb4 22. Kh1 Qxd4 23. g5 Nd7 24. Qf3 Rfe8 25. Ne2 Rxc2 26. Nxd4 Rxc1+ 27.
Kg2 Rec8 28. h4 R8c3 29. Qe2 Nc5 30. f5 Ne4 31. fxe6 Rg3+ 32. Kh2 Kf8 33. a4
Rcc3 34. e7+ Ke8 35. Nf5 Rh3+ 36. Kg2 g6 37. Nd4 Rcg3+ 38. Kf1 Rh1# 0-1

[Event "Tournoi Skype 029A"]
[Site "Skype"]
[Date "????.??.??"]
[Round "5.20"]
[White "Abate, Leonardo"]
[Black "Castillo, Jesus"]
[Result "1/2-1/2"]
[WhiteElo "1380"]
[BlackElo "1557"]
[PlyCount "104"]

1. d4 Nf6 2. c4 d5 3. cxd5 Qxd5 4. Nf3 Nc6 5. Nc3 Qd8 6. d5 Nb4 7. Qa4+ c6 8.
Qxb4 e5 9. Qb3 cxd5 10. Nxe5 Bd6 11. Bf4 a6 12. Nd3 d4 13. Na4 b5 14. Bxd6 bxa4
15. Qxa4+ Bd7 16. Qxd4 Qa5+ 17. Bb4 Qb5 18. Qe5+ Qxe5 19. Nxe5 Nd5 20. O-O-O
Nxb4 21. Rxd7 f6 22. g3 fxe5 23. Rxg7 Nxa2+ 24. Kb1 Nb4 25. Rb7 a5 26. Bg2 O-O
27. Rxb4 axb4 28. Bxa8 Rxa8 29. Kc2 Kf7 30. Kb3 Rb8 31. Rc1 Ke6 32. Rc4 Rf8 33.
f4 exf4 34. gxf4 Rg8 35. e4 Rg2 36. Rc2 Rg4 37. f5+ Ke5 38. Rc4 Rg2 39. h4 Rh2
40. Kxb4 Rxh4 41. Kc3 Rg4 42. b4 h5 43. b5 h4 44. b6 Rg8 45. b7 Rb8 46. Rb4 h3
47. Kd3 h2 48. Rb1 Rxb7 49. Rh1 Rb3+ 50. Kc4 Re3 51. Rxh2 Rxe4+ 52. Kd3 Kxf5
1/2-1/2

[Event "Tournoi Skype 029A"]
[Site "Skype"]
[Date "????.??.??"]
[Round "5.21"]
[White "Sanchez Ruiz, Justo"]
[Black "Pouteau, Pascal"]
[Result "1-0"]
[WhiteElo "1526"]
[BlackElo "1345"]
[PlyCount "33"]

1. e4 c6 2. d4 d5 3. e5 Bf5 4. h4 h6 5. g4 Bh7 6. e6 fxe6 7. Bd3 Bxd3 8. Qxd3
Nf6 9. Qg6+ Kd7 10. Nc3 Qb6 11. Nge2 Na6 12. a3 Rd8 13. b4 Ne8 14. Na4 Qc7 15.
Bf4 Nd6 16. Nc5+ Nxc5 17. dxc5 1-0

[Event "Tournoi Skype 029A"]
[Site "Skype"]
[Date "????.??.??"]
[Round "5.22"]
[White "Marino, Giuseppe"]
[Black "Hague, Mark"]
[Result "1-0"]
[WhiteElo "1339"]
[BlackElo "1525"]
[PlyCount "73"]

1. d4 f5 2. e3 Nf6 3. Nf3 d5 4. Bd3 e6 5. c3 Bd6 6. O-O c6 7. h3 O-O 8. Nbd2
Ne4 9. Re1 Qc7 10. c4 Qf7 11. c5 Bc7 12. Ne5 Bxe5 13. dxe5 Nd7 14. Nf3 Ndxc5
15. Qc2 Nxd3 16. Qxd3 Bd7 17. b3 g5 18. Ba3 c5 19. Rac1 b6 20. Nh2 Kh8 21. Qe2
Rg8 22. f3 Ng3 23. Qf2 f4 24. Ng4 Nh5 25. Bb2 Rg6 26. Nf6 Nxf6 27. exf6 Rag8
28. Rc2 h5 29. a4 fxe3 30. Qxe3 g4 31. fxg4 hxg4 32. hxg4 Rg5 33. Qh3+ Qh7 34.
f7+ R5g7 35. Bxg7+ Kxg7 36. Qxh7+ Kxh7 37. fxg8=Q+ 1-0

[Event "Tournoi Skype 029A"]
[Site "Skype"]
[Date "????.??.??"]
[Round "5.23"]
[White "Garcia Diaz, Jose"]
[Black "Alarcon Alarcon, Florentina"]
[Result "1-0"]
[WhiteElo "1506"]
[BlackElo "1362"]
[PlyCount "79"]

1. c4 e5 2. Nc3 Nf6 3. g3 d5 4. cxd5 Nxd5 5. Bg2 Nxc3 6. bxc3 Bc5 7. Qb3 c6 8.
e3 O-O 9. Ne2 Qe7 10. O-O Be6 11. Qd1 Nd7 12. d4 exd4 13. Nxd4 Nf6 14. Nxe6
Qxe6 15. a4 Rfd8 16. Qc2 h6 17. Ba3 Bxa3 18. Rxa3 Rd6 19. Rb1 Qd7 20. Rab3 b6
21. a5 Rd8 22. Bf1 Rd2 23. Qc1 Ng4 24. R3b2 Rxb2 25. Qxb2 bxa5 26. Bh3 h5 27.
f3 Qd3 28. fxg4 Qxe3+ 29. Kh1 Rd2 30. Qb8+ Kh7 31. Rg1 hxg4 32. Bg2 Qf2 33.
Qb1+ Rc2 34. Be4+ g6 35. Qxc2 Qe3 36. Bxc6 Qc5 37. Qe4 Qxc3 38. Be8 Qf3+ 39.
Qxf3 gxf3 40. Bxf7 1-0

[Event "Tournoi Skype 029A"]
[Site "Skype"]
[Date "????.??.??"]
[Round "5.24"]
[White "Chavero, Victor"]
[Black "Vasquez Cienfuegos, Oscar"]
[Result "1-0"]
[WhiteElo "1283"]
[BlackElo "1470"]
[PlyCount "69"]

1. d4 d5 2. Nf3 Nf6 3. e3 c6 4. Bd3 Nbd7 5. b3 Qc7 6. Bb2 e6 7. Nbd2 Be7 8. O-O
O-O 9. e4 dxe4 10. Nxe4 Nxe4 11. Bxe4 Nf6 12. Bd3 Bd7 13. Re1 Rad8 14. Re3 Nd5
15. Re5 f5 16. c4 Nf6 17. Qe2 Qc8 18. Bxf5 exf5 19. Rxe7 Rde8 20. Rxe8 Rxe8 21.
Qd2 Qc7 22. Re1 Be6 23. d5 Ne4 24. Qd4 cxd5 25. cxd5 Rd8 26. Rc1 Qe7 27. Qxa7
Bxd5 28. Qb6 Ra8 29. Rc7 Qe6 30. Rxg7+ Kf8 31. Qb4+ Nd6 32. Rxh7 Rxa2 33. Qc3
Rxb2 34. Qg7+ Ke8 35. Rh8+ 1-0

[Event "Tournoi Skype 029A"]
[Site "Skype"]
[Date "????.??.??"]
[Round "5.25"]
[White "Bagayatkar, Madan"]
[Black "Quispe, Alberto"]
[Result "1-0"]
[WhiteElo "1443"]
[BlackElo "1230"]
[PlyCount "91"]

1. e4 e6 2. d4 d5 3. Nc3 c6 4. Bd3 Be7 5. Nf3 h6 6. a3 dxe4 7. Nxe4 Nf6 8. c3
Nbd7 9. h3 Nxe4 10. Bxe4 Nf6 11. Bc2 Bd7 12. O-O c5 13. Be3 cxd4 14. Nxd4 e5
15. Nf3 Qc7 16. Re1 Rd8 17. Qb1 Bc6 18. Nh2 e4 19. Bd4 O-O 20. Bxf6 Bxf6 21.
Bxe4 Bxe4 22. Qxe4 Rd2 23. Ng4 Bg5 24. Re2 Rfd8 25. Rae1 h5 26. Ne3 Rxe2 27.
Rxe2 Bxe3 28. Qxe3 Rd1+ 29. Re1 Rd7 30. Qxa7 Qd6 31. Qe3 Qd5 32. h4 Rd6 33. g3
Qb3 34. Qe8+ Kh7 35. Qe4+ Kg8 36. Qf5 Re6 37. Rxe6 fxe6 38. Qxh5 Qxb2 39. Qe8+
Kh7 40. Qxe6 Qxc3 41. Qe4+ Kg8 42. Qxb7 Qxa3 43. Kg2 Qc3 44. Qa8+ Kh7 45. Qe4+
Kg8 46. Qg6 1-0

[Event "Tournoi Skype 029A"]
[Site "Skype"]
[Date "????.??.??"]
[Round "5.27"]
[White "Junqueira, Leonardo De Faria"]
[Black "Vaswani, Manohar"]
[Result "1-0"]
[WhiteElo "1408"]
[BlackElo "1196"]
[PlyCount "61"]

1. e4 e5 2. d4 exd4 3. c3 dxc3 4. Nxc3 Bb4 5. Qb3 Nc6 6. Bc4 Qf6 7. Bd2 Bc5 8.
Nf3 d6 9. Nd5 Qd8 10. Bc3 Nf6 11. Nxf6+ gxf6 12. Bxf7+ Kf8 13. Bh5 Qe7 14. O-O
b6 15. Rfe1 Be6 16. Qc2 Ne5 17. b4 Bf7 18. Bxf7 Nxf3+ 19. gxf3 Qxf7 20. bxc5
bxc5 21. Rab1 Rg8+ 22. Kf1 Qh5 23. Ke2 Re8 24. Qd3 f5 25. Kd2 fxe4 26. Rxe4
Rxe4 27. Qxe4 Qxh2 28. Rb8+ Kf7 29. Qf5+ Ke7 30. Bf6+ Kf7 31. Be5+ 1-0

[Event "Tournoi Skype 029A"]
[Site "Skype"]
[Date "????.??.??"]
[Round "5.29"]
[White "Casey, Eamonn"]
[Black "Frances, Carlos Alberto"]
[Result "1/2-1/2"]
[WhiteElo "1538"]
[BlackElo "1324"]
[PlyCount "68"]

1. d4 Nf6 2. c4 d5 3. Nc3 e6 4. Nf3 Nbd7 5. h3 b6 6. Bf4 Bb7 7. e3 Bd6 8. Bxd6
cxd6 9. cxd5 Nxd5 10. Nb5 N7f6 11. a3 a6 12. Nc3 b5 13. Bd3 O-O 14. O-O Rc8 15.
Rc1 Nb6 16. Nd2 e5 17. dxe5 dxe5 18. Bf5 Rc7 19. Qe2 Qe7 20. Rfd1 Nbd5 21. Nxd5
Nxd5 22. Rxc7 Qxc7 23. Nf3 g6 24. Bd3 Re8 25. Nd2 Nf6 26. e4 Re6 27. Nb3 Rd6
28. Rc1 Rc6 29. Qe3 Rxc1+ 30. Nxc1 Bxe4 31. Bxe4 Nxe4 32. Nd3 f5 33. f3 Nf6 34.
Qxe5 Qxe5 1/2-1/2